000 01025nab a22002177a 4500
005 20150810134638.0
008 150806b1982 ck |||||r|||| 00| 0 spa d
040 _aCO-BoIAVH
_cCO-BoIAVH
041 0 _aspa
044 _ack
110 1 _aUniversidad del Tolima
_b, Grupo ecológico
_936710
245 1 _aAquí, San Andrés S.O.S.
260 3 _aIbagué (Colombia):
_bCentro de publicaciones Universidad del Tolima,
_c1982.
300 _aVol.6, Nro. 63, Año 1982, Pag. 1-2.
505 _aImpacto sobre la ecoestructura natural. Impacto sobre la ecoestructura social. Una sociedad al margen de la ley. Hacia el futuro: Ecodesarrollo y gestión ambiental.
650 6 _aEcodesarrollo
_zSan Andrés (Colombia)
_936711
650 6 _aEcología
_xEstructura
_zSan Andrés (Colombia)
_936712
650 6 _aEcología
_xEstructura
_xImpacto
_zSan Andrés (Colombia)
_936713
773 0 _aUniversidad del Tolima
_dIbagué (Colombia): Centro de publicaciones de la Universidad del Tolima, 1977-.
_tSOS ecológico
942 _2z
_cARTICULO
999 _c17659
_d17659